00842cam a22002414a 45000010009000000050017000090080041000260200031000670200028000980500021001260820012001471000015001592450021001742500012001952600037002073000037002445000055002816500015003368560083003519420024004349990015004589520127004731545799520250317160103.0080919s2009 nyua b 001 0 eng  a9780073528243 (alk. paper) a0073528242 (alk. paper)00aHM586b.W58 200900a3012221 aWitt, Jon.10aSoc /cJon Witt. a1st ed. aNew York :bMcGraw-Hill,cc2009. av, 416 p. :bcol. ill. ;c28 cm. aEdtions for 2011- cataloged as a serail in LC5DLC 0aSociology.413Table of contents onlyuhttp://www.loc.gov/catdir/toc/ecip0828/2008041213.html 2lcccBKe1st Ed.n0 c4882d4882 00102lcc40708NFICaMBLbMBLcGENd2025-03-17l0oHM586 .W58 2009pBSSM00001415r2025-03-17 16:01:16t1w2025-03-17yBK